漢字2文字、読み6文字以上の駅名 - Statistics

General Stats
  • This quiz has been taken 288 times
  • The average score is 6 of 36
Answer Stats
会社 都府県 駅名 駅名の読み % Correct
JR 東京都 鶯谷 うぐいすだに
40%
JR 千葉県 南柏 みなみかしわ
37%
私鉄 京都府 十条 じゅうじょう
34%
私鉄 京都府 十条 じゅうじょう
34%
JR 東京都 十条 じゅうじょう
34%
私鉄 東京都 曙橋 あけぼのばし
33%
私鉄 富山県 欅平 けやきだいら
29%
JR 鳥取県 境港 さかいみなと
29%
JR 宮崎県 都城 みやこのじょう
29%
私鉄 大阪府 堺東 さかいひがし
28%
私鉄 兵庫県 鵯越 ひよどりごえ
21%
私鉄 高知県 曙町 あけぼのちょう
20%
私鉄 千葉県 栄町 さかえちょう
20%
私鉄 東京都 栄町 さかえちょう
20%
JR 栃木県 雀宮 すずめのみや
18%
私鉄 山梨県 東桂 ひがしかつら
17%
私鉄 東京都 南平 みなみだいら
16%
私鉄 大阪府 南巽 みなみたつみ
15%
私鉄 東京都 宝町 たからちょう
13%
私鉄 三重県 明星 みょうじょう
13%
私鉄 東京都 要町 かなめちょう
12%
私鉄 神奈川県 港町 みなとちょう
12%
私鉄 広島県 胡町 えびすちょう
11%
私鉄 大阪府 正雀 しょうじゃく
11%
私鉄 愛知県 南栄 みなみさかえ
9%
私鉄 山口県 錦町 にしきちょう
8%
私鉄 神奈川県 緑町 みどりちょう
8%
JR 岡山県 院庄 いんのしょう
7%
私鉄 岐阜県 南宿 みなみじゅく
7%
私鉄 大阪府 蛍池 ほたるがいけ
6%
JR 兵庫県 社町 やしろちょう
6%
JR 三重県 下庄 しものしょう
5%
JR 岩手県 侍浜 さむらいはま
4%
私鉄 大阪府 東湊 ひがしみなと
4%
私鉄 鹿児島県 都通 みやこどおり
3%
私鉄 兵庫県 鼓滝 つづみがたき
2%
No matching quizzes found
Score Distribution
Percent of People with Each Score
Percentile by Number Answered
Your Score History
You have not taken this quiz